Catálogo
 En Linea

Laboratorio de la Dirección General de Aduanas : (Registro nro. 19938)

Detalles MARC
000 -CABECERA
campo de control de longitud fija 00635nam a2200157 u 4500
001 - NÚMERO DE CONTROL
campo de control 000020434
005 - FECHA Y HORA DE LA ÚLTIMA TRANSACCIÓN
campo de control 20250403120423.0
008 - DATOS DE LONGITUD FIJA--INFORMACIÓN GENERAL
campo de control de longitud fija 100813s2015 dr 000 0 spa d
040 ## - FUENTE DE LA CATALOGACIÓN
Centro catalogador/agencia de origen DO-SdBNP
Lengua de catalogación spa
Centro/agencia transcriptor BNPHU
082 ## - NÚMERO DE LA CLASIFICACIÓN DECIMAL DEWEY
Número de clasificación xxx
Número de documento/Ítem xxx
110 1# - ENTRADA PRINCIPAL--NOMBRE DE ENTIDAD CORPORATIVA
Nombre de entidad corporativa o nombre de jurisdicción como elemento de entrada República Dominicana.
Unidad subordinada Dirección General de Aduanas.
9 (RLIN) 43102
245 10 - MENCIÓN DE TÍTULO
Título Laboratorio de la Dirección General de Aduanas :
Resto del título La ciencia y la tecnología al servicio del comercio exterior de la República Dominican /
Mención de responsabilidad, etc. textos Gabino José Polanco.
260 ## - PUBLICACIÓN, DISTRIBUCIÓN, ETC.
Lugar de publicación, distribución, etc. Santo Domingo, :
Nombre del editor, distribuidor, etc. DCA,
Fecha de publicación, distribución, etc. [201?].
300 ## - DESCRIPCIÓN FÍSICA
Extensión 24 p. :
Otras características físicas il., retrs. ;
Dimensiones 24 cm.
700 12 - PUNTO DE ACCESO ADICIONAL--NOMBRE DE PERSONA
Nombre de persona José Polanco, Gabino
Término indicativo de función/relación textos
9 (RLIN) 43103
Existencias
Estado de retiro Estado de pérdida No para préstamo Código de colección Localización permanente Ubicación/localización actual Ubicación en estantería Fecha de adquisición Número de inventario Total de préstamos Signatura topográfica completa Código de barras Fecha visto por última vez Número de copia Precio válido a partir de Tipo de ítem Koha
    Excluido de préstamo Dominicana de Servicio General General Depósito 23.05.2017 LF1   xxx xxx 20434-30 25.06.2020 e. 3 25.06.2020 Libro y Folleto Colección Dominicana de Servicio
    Excluido de préstamo Patrimonio Dominicano Patrimonio Dominicano Patrimonio Dominicano En catalogación 23.05.2017 LF1   xxx xxx 20434-10 25.06.2020 e. 2 25.06.2020 Libro y Folleto Colección Patrimonio Dominicano
    Excluido de préstamo Patrimonio Dominicano Patrimonio Dominicano Patrimonio Dominicano En catalogación 23.05.2017 LF1   xxx xxx 20434-20 25.06.2020   25.06.2020 Libro y Folleto Colección Patrimonio Dominicano

Con tecnología Koha